The Binding of Isaac Characters - Statistics

General Stats
  • This quiz has been taken 3,205 times
  • The average score is 8 of 10
Answer Stats
Description Character % Correct
First son of Adam and Eve, who committed the world's first murder against his brother, Abel. Cain
93%
A man whose incredible strength was granted to him by God so long as he remained sober and never cut his hair; his lover, Delilah, betrayed him and cut his hair, removing his strength and enabling his defeat at the temple. Samson
91%
The twelfth disciple of Jesus who betrayed him, turning him over to Pontius Pilate. Judas
90%
The first woman, and second human on Earth. Under temptation of the serpent, she ate the forbidden fruit, having Adam do the same, creating original sin. Eve
87%
Son of Abraham who was brought to the top of the mountain to be sacrificed under God's command; when God sent an angel to stop Abraham's hand, he told him that it was a test of his faith, and to sacrifice a lamb instead. Isaac
79%
The garden in which Adam and Eve resided, before they were banished for eating from the Tree of Knowledge of Good and Evil. Eden
73%
Woman in the New Testament who witnessed the crucifixion and the resurrection of Jesus Christ. She was the first to see Jesus after his resurrection. Maggie
73%
A fallen angel referenced 3 times in the Hebrew Bible. Azazel
67%
No biblical significance; hypothesized to be a dead Isaac. ???
64%
Saint who was revived by Jesus 4 days after his death. Lazarus
58%
No matching quizzes found
Score Distribution
Percent of People with Each Score
Percentile by Number Answered
Your Score History
You have not taken this quiz